01450nam a2200337 a 4500001001200000003000800012006001900020007001500039008004100054010001700095020001500112020002200127020001800149020002700167040002100194035002100215050002600236082001200262245011600274260005200390300002400442504006600466505019500532533015200727650002000879655002900899700002200928710001700950856012600967999001901093ebr10392703CaPaEBRm u cr cn|||||||||971209s1998 enka sb 001 0 eng  z 97062469  z0761955232 z0761955240 (pbk.) z9780761955238 z9780857026101 (e-book) aCaPaEBRcCaPaEBR a(OCoLC)64877268014aHM131b.S58434 1998eb04a30522100aSocial identityh[electronic resource] :binternational perspectives /cedited by Stephen Worchel ... [et al.]. aLondon ;aThousand Oaks, Calif. :bSage,c1998. axix, 263 p. :bill. aIncludes bibliographical references (p. [230]-254) and index.0 apt. 1. Representations of self and group -- pt. 2. Establishing group identity -- pt. 3. Identity and group/intergroup process -- pt. 4. The impact of culture on identity and categorization. aElectronic reproduction.bPalo Alto, Calif. :cebrary,d2013.nAvailable via World Wide Web.nAccess may be limited to ebrary affiliated libraries. 0aGroup identity. 7aElectronic books.2local1 aWorchel, Stephen.2 aebrary, Inc.40uhttp://site.ebrary.com/lib/rucke/Doc?id=10392703zAn electronic book accessible through the World Wide Web; click to view c191136d191136